00523nam a2200145 a 4500001001500000005001700015008004100032100002500073245004500098260003900143300001000182856007100192999001700263952009700280ASINB00093LS2W20140925204230.0140925s1991 xxu eng d1 aKhayal, Ghulam Nabi.10aThe forced of franchise :cGhulam Nabi K a[S.l.] :bKashmir writters,c1991. a51 p.403Amazon.comuhttp://www.amazon.com/exec/obidos/ASIN/chopaconline-20 c10396d10396 00104070aQUESTCLbQUESTCLd2014-09-25l0oKHApD1073r2014-09-25 00:00:00w2014-09-25yBK